000 00284nam a22001217a 4500
999 _c533574
_d533574
040 _cdlc
082 _a808.06665
100 _aStella Cottrell
_927522
245 _aPalgrave Study Skills : The Study Skills Handbook - 3rd edi
250 _a2nd
300 _a351p
942 _2ddc
_cBK